000 00606cam a2200205 a 4500
001 710327
005 20240202055638.0
008 970822s1998 maua b 001 0 eng
020 _a0631203419 (alk. paper)
020 _a0631203427 (pbk. : alk. paper)
040 _aDLC
_cDLC
_dDLC
082 0 0 _a306
_221
245 0 0 _aTheorizing multiculturalism :
_ba guide to the current debate /
_cedited by Cynthia Willett.
260 _aMalden, Mass :
_bBlackwell,
_c1998.
300 _axi, 466 p. :
650 0 _aMulticulturalism.
650 0 _aCultural pluralism.
700 1 _aWillett, Cynthia,
_eedt
942 _cL
999 _c284
_d284